Personnages de Grey's Anatomy (Click Quiz) - Statistiques

Statistiques générales
  • Ce quiz a été pris 1 686 fois
  • Le résultat moyen est 30 sur 36
Statistiques - réponses
Hint Réponse % Correct
Derek Shepherd
94%
Cristina Yang
93%
Meredith Grey
93%
Miranda Bailey
93%
George O'Malley
93%
Calliope Torres
92%
Mark Sloan
92%
Owen Hunt
92%
Alex Karev
92%
Richard Webber
91%
Jackson Avery
91%
Izzie Stevens
91%
Addison Montgomery
90%
Lexie Grey
90%
Arizona Robbins
90%
April Kepner
90%
Amelia Shepherd
89%
Teddy Altman
88%
Preston Burke
87%
Catherine Fox
86%
Andrew DeLuca
85%
Josephine Wilson
84%
Maggie Pierce
84%
Carina DeLuca
81%
Benjamin Warren
81%
Erica Hahn
81%
Nathan Riggs
80%
Atticus Lincoln
79%
Levi Schmitt
75%
Thomas Koracick
74%
Lucas Adams
72%
Daniel Kwan
69%
Winston Ndugu
68%
Simone Griffin
66%
Mika Yasuda
63%
Jules Millin
52%
Aucun quiz correspondant
Distribution des résultats
% des personnes avec chaque résultat
Percentile par nombre de réponses
Votre historique - résultats
Vous n’avez pas pris ce quiz